English houses (Record no. 86272)

MARC details
000 -LEADER
fixed length control field 00858cam a2200217 4500
001 - CONTROL NUMBER
control field R328
008 - FIXED-LENGTH DATA ELEMENTS--GENERAL INFORMATION
fixed length control field 1979 o
035 ## - SYSTEM CONTROL NUMBER
System control number (Sirsi) u6303
041 ## - LANGUAGE CODE
Language code of text/sound track or separate title eng
050 ## - LIBRARY OF CONGRESS CALL NUMBER
Classification number 728 $2 18
100 ## - MAIN ENTRY--PERSONAL NAME
Personal name Munro, Bruce
245 ## - TITLE STATEMENT
Title English houses
260 ## - PUBLICATION, DISTRIBUTION, ETC.
Place of publication, distribution, etc. London
Name of publisher, distributor, etc. Estates Gazette
Date of publication, distribution, etc. 1979
300 ## - PHYSICAL DESCRIPTION
Extent 80p.
Other physical details illus.
Dimensions 30cm.
350 ## - PRICE (NR) (BK AM CF MU VM SE) [OBSOLETE]
Price 1.5
520 ## - SUMMARY, ETC.
Summary, etc. Details key features of houses built in England. Considers houses built during historical periods, from the Tudor period to the 1970s. Examines types of building feature including orders, arches, roofs, and building and roofing materials. Examines designs popular during different periods and presents photographic examples.
651 #4 - SUBJECT ADDED ENTRY--GEOGRAPHIC NAME
Geographic name England
Chronological subdivision 886-
690 ## - LOCAL SUBJECT ADDED ENTRY--TOPICAL TERM (OCLC, RLIN)
Topical term or geographic name as entry element BUILT ENVIRONMENT-BUILDING ELEMENTS-COMPLETE BUILDING ELEMENTS
942 ## - ADDED ENTRY ELEMENTS (KOHA)
Suppress in OPAC 0
948 ## - LOCAL PROCESSING INFORMATION (OCLC); SERIES PART DESIGNATOR (RLIN)
c (OCLC) 04/03/1997
Holdings
Withdrawn status Lost status Source of classification or shelving scheme Damaged status Not for loan Home library Current library Shelving location Date acquired Cost, normal purchase price Total Checkouts Full call number Barcode Date last seen Date last checked out Copy number Cost, replacement price Price effective from Koha item type
    Dewey Decimal Classification     London London Folio 14/09/1999 1.50 9 F728 30020039 06/08/2019 08/12/2006 1 1.50 06/08/2019 Book